Online
Catalog

La historia del nuevo mundo / (Record no. 29432)

MARC details
000 -CABECERA
campo de control de longitud fija 01739nam a2200421 i 4500
001 - NÚMERO DE CONTROL
campo de control 000029940
003 - IDENTIFICADOR DEL NÚMERO DE CONTROL
campo de control DO-SdBNP
005 - FECHA Y HORA DE LA ÚLTIMA TRANSACCIÓN
campo de control 20230911150205.0
007 - CAMPO FIJO DE DESCRIPCIÓN FÍSICA--INFORMACIÓN GENERAL
campo de control de longitud fija ta
008 - DATOS DE LONGITUD FIJA--INFORMACIÓN GENERAL
campo de control de longitud fija 110427s1992 dr a r 000 0 spa d
040 ## - FUENTE DE LA CATALOGACIÓN
Centro catalogador/agencia de origen DO-SdBNP
Lengua de catalogación spa
Centro/agencia transcriptor BNPHU
Normas de descripción rda
082 #4 - NÚMERO DE LA CLASIFICACIÓN DECIMAL DEWEY
Número de clasificación 970.015
Número de documento/Ítem B479h
Número de edición 22
100 1# - ENTRADA PRINCIPAL--NOMBRE DE PERSONA
Nombre de persona Benzoní, Girolamo,
9 (RLIN) 56684
Fechas asociadas al nombre 1519-1570.
Término indicativo de función/relación autor
240 10 - TÍTULO UNIFORME
Título uniforme La historia del Mondo Nuovo
Lenguaje de la obra Español
245 13 - MENCIÓN DE TÍTULO
Título La historia del nuevo mundo /
Mención de responsabilidad, etc. Girolamo Benzoní M. ; traducción y notas, Marisa Vannini de Gerulewicz ; estudio preliminar, León Croiza.
264 ## - PRODUCCIÓN, PUBLICACIÓN, DISTRIBUCIÓN, FABRICACIÓN Y COPYRIGHT
Producción, publicación, distribución, fabricación y copyright Santo Domingo :
Nombre del de productor, editor, distribuidor, fabricante Sociedad Dominicana de Bibliófilos,
Fecha de producción, publicación, distribución, fabricación o copyright 1992.
300 ## - DESCRIPCIÓN FÍSICA
Extensión xciv, 297 páginas :
Otras características físicas ilustraciones, mapas ;
Dimensiones 23 cm.
336 ## - TIPO DE CONTENIDO
Fuente rdacontent
Término de tipo de contenido texto
Código de tipo de contenido txt
337 ## - TIPO DE MEDIO
Fuente rdamedia
Nombre/término del tipo de medio sin mediación
Código del tipo de medio nc
338 ## - TIPO DE SOPORTE
Fuente rdacarrier
Nombre/término del tipo de soporte volumen
Código del tipo de soporte n
490 1# - MENCIÓN DE SERIE
Mención de serie Sociedad Dominicana de Bibliófilos
-- Quinto Centenario
500 ## - NOTA GENERAL
Nota general Incluye referencias bibliográficas y notas al pie de las páginas
500 ## - NOTA GENERAL
Nota general Incluye índice onomástico
504 ## - NOTA DE BIBLIOGRAFÍA, ETC.
Nota de bibliografía, etc. Bibliografía : p. [xci]-xciv.
533 ## - NOTA DE REPRODUCCIÓN
Tipo de reproducción Facsímil
Lugar de la reproducción Caracas
Fecha de la reproducción 1565
534 ## - NOTA SOBRE LA VERSIÓN ORIGINAL
Encabezamiento principal del original Título original :
Mención de título del original La historia del Mondo Nuovo.
Mención de edición del original 1565
Publicación, distribución, etc. del original Venecia.
590 ## - NOTA LOCAL (RLIN)
Nota local Inventariado, 2020/ YL
600 14 - PUNTO DE ACCESO ADICIONAL DE MATERIA--NOMBRE DE PERSONA
Nombre de persona Benzoni, Girolamo,
Fechas asociadas al nombre 1519-1570
Subdivisión general
9 (RLIN) 77571
651 #4 - PUNTO DE ACCESO ADICIONAL DE MATERIA--NOMBRE GEOGRÁFICO
Nombre geográfico América
Subdivisión general Descripciones y viajes
Subdivisión cronológica Siglo XVI.
9 (RLIN) 77573
651 #4 - PUNTO DE ACCESO ADICIONAL DE MATERIA--NOMBRE GEOGRÁFICO
Nombre geográfico España
Subdivisión general Colonias
-- Administración.
9 (RLIN) 34070
651 #4 - PUNTO DE ACCESO ADICIONAL DE MATERIA--NOMBRE GEOGRÁFICO
Nombre geográfico América
Subdivisión general Relatos anteriores a 1600.
9 (RLIN) 77574
651 #4 - PUNTO DE ACCESO ADICIONAL DE MATERIA--NOMBRE GEOGRÁFICO
Nombre geográfico República Dominicana
Subdivisión general Historia
Subdivisión cronológica
9 (RLIN) 77575
700 1# - PUNTO DE ACCESO ADICIONAL--NOMBRE DE PERSONA
Nombre de persona Gerulewicz, Marisa Vannini de,
Término indicativo de función/relación traducción
9 (RLIN) 56685
700 1# - PUNTO DE ACCESO ADICIONAL--NOMBRE DE PERSONA
Nombre de persona Croizat, León,
9 (RLIN) 56686
Término indicativo de función/relación estudio preliminar
700 ## - PUNTO DE ACCESO ADICIONAL--NOMBRE DE PERSONA
Nombre de persona
9 (RLIN) 56687
910 ## - DATOS DE OPCIÓN DEL USUARIO (OCLC)
Datos de opción del usuario VMateo
942 ## - ELEMENTOS DE PUNTO DE ACCESO ADICIONAL (KOHA)
Fuente del sistema de clasificación o colocación Dewey Decimal Classification
Tipo de ítem Koha Libro
Holdings
Estado de retiro Estado de pérdida Fuente del sistema de clasificación o colocación Restricciones de uso No para préstamo Código de colección Localización permanente Ubicación/localización actual Ubicación en estantería Fecha de adquisición Fuente de adquisición Número de inventario Signatura topográfica completa Código de barras Fecha visto por última vez Precio válido a partir de Tipo de ítem Koha Nota pública Número de copia Total de préstamos
    Dewey Decimal Classification Excluido de préstamo   Patrimonio Dominicano Biblioteca Nacional Pedro Henríquez Ureña Biblioteca Nacional Pedro Henríquez Ureña Depósito 27.04.2013 Donación BNPHU PD 970.015 B479h 29940-10 25.06.2020 25.06.2020 Libro Perteneció a la biblioteca personal de la familia Reyes Duluc    
    Dewey Decimal Classification Excluido de préstamo   Patrimonio Dominicano Biblioteca Nacional Pedro Henríquez Ureña Biblioteca Nacional Pedro Henríquez Ureña Depósito 21.06.2014 Donación BNPHU PD 970.015 B479h 29940-20 25.06.2020 25.06.2020 Libro Perteneció a la bibloteca personal de la familia Reyes Duluc. e. 2  
    Dewey Decimal Classification Préstamo en sala   Dominicana de Servicio Biblioteca Nacional Pedro Henríquez Ureña Biblioteca Nacional Pedro Henríquez Ureña Depósito 21.06.2014 Donado por Manuel Ortíz BNPHU DS 970.015 B479h 29940-30 11.12.2020 25.06.2020 Libro . e. 3  
    Dewey Decimal Classification Préstamo en sala   Dominicana de Servicio Biblioteca Nacional Pedro Henríquez Ureña Biblioteca Nacional Pedro Henríquez Ureña Depósito 03.02.2023 Donación   BNPHU DS 970.015 B479h 29940-40 03.02.2023 03.02.2023 Libro   e.4  
    Dewey Decimal Classification Préstamo en sala   Dominicana de Servicio Biblioteca Nacional Pedro Henríquez Ureña Biblioteca Nacional Pedro Henríquez Ureña Depósito 11.09.2023 Donación   BNPHU DS 970.015 B479h 29940-50 11.09.2023 11.09.2023 Libro Perteneció a la biblioteca personal de Bárbara Suncar. e.5  

Powered by Koha